Educacin̤ y palabra (ensayo sobre Quintiliano) : principios pedagg̤icos... /

Bibliographic Details
Main Author: Fernǹdez, Alberto Vicente
Format: Unknown
Language:Spanish
Published: Buenos Aires : Astrea de Alfredo y Ricardo Depalma, 1987
Subjects:
Online Access:Acceso restringido

MARC

LEADER 00000ny a22000003n 4500
005 20110620135129.0
008 030509s1987 ag 000 0 spa
020 |a 9789505082209 
035 |a 2055 
040 |a SpMaUCED  |d vLex 
080 |a 82.085 
090 |c 880  |d 880 
100 1 |a Fernǹdez, Alberto Vicente 
245 1 0 |a Educacin̤ y palabra  |h [Recurso electrn̤ico]  |b (ensayo sobre Quintiliano) : principios pedagg̤icos... /  |c Alberto Vicente Fernǹdez 
256 |a Servicio en ln̕ea 
260 |a Buenos Aires :  |b Astrea de Alfredo y Ricardo Depalma,  |c 1987 
300 |a 150 p. ;  |c 20 cm. 
504 |a Bibliografa̕ 
506 1 |a Contenido solo disponible en los productos indicados  |d vLex Global  |d vLex Global (Academic Edition, excluding Law Schools)  |d vLex Global (U.S. Academic Edition, Law Schools)  |d vLex Global (U.S. Academic Edition, excluding Law Schools)  |d vLex Global (Academic Edition, Law Schools) 
600 1 4 |a Quintiliano, Marco Fabio,  |d 0035-0110  |x Crt̕ica e interpretacin̤  
650 0 4 |a Oratoria 
740 0 |a vLex Libros (Servicios en ln̕ea) 
856 4 0 |u http://vlex.com/source/2055  |z Acceso restringido 
942 |c BOOK 
999 0 4 |a Law  |b Argentina 
999 0 4 |a Quintiliano, Marco Fabio